| 000 | 00390nam a22001697a 4500 | ||
|---|---|---|---|
| 003 | OSt | ||
| 005 | 20240206122203.0 | ||
| 008 | 240206b |||||||| |||| 00| 0 eng d | ||
| 040 | _cEnglish | ||
| 082 |
_a330.1/GOK _b10001 |
||
| 100 | _aGokhale, S.W. | ||
| 245 | _aIndian Economy | ||
| 260 |
_aThane _bRaj Enterprises _c2023 |
||
| 300 | _a350p. | ||
| 653 | _aEconomics, | ||
| 942 |
_2ddc _cBK _n0 |
||
| 999 |
_c987 _d987 |
||